MDQL
is popping MORE tags! Check the
thread
!
Quizzes
Events
Quiz Creation
Community
Videos
Private Events
Remove Ads
Sign In
Join for FREE
Feedback
Dark Mode
Quiz Categories
Sports
Geography
Music
Movies
Television
Just For Fun
Miscellaneous
History
Literature
Language
Science
Gaming
Entertainment
Religion
Holiday
For Kids
Quiz Lab
Recent
Popular Today
Quiz Kudos Today
Editor Picks
Curator Picks
Quizzes by...
Day
Popularity
Type
Ratings
Length
Year
Community
Subscriptions
Recent Discussions
Orange Saloon
Badges
Playlists
Quests
Create
Leaderboards
Showdown
Live 5
Trivia Bingo
Activity
Puzzle Library
Sporcle Events
Private Events
Virtual Trivia
Globe League
Become a Host
Pub Owners
SporcleCon
Opinionation
Our Games
Videos
Blog
Mobile Apps
Partnerships
Remove Ads and Go Orange
Feedback
Entertainment
Celebrity
Famous
Musical
Broadway
Show
Quote
Comic Books
Anime
Superhero
DC Comics
Marvel
Cartoons
Animation
Entertainment
Celebrity
Famous
Musical
Broadway
Show
Quote
Comic Books
Anime
Superhero
DC Comics
Marvel
Cartoons
Animation
Random Quiz
Search Sporcle
×
Quiz Lab
Quiz Lab
Entertainment
Quote
Type in answers that appear in a list
Type in answers that appear in a list
Classic
Best Score? Go Orange.
The Goon Show! Stats
Can you name the Goon Show characters by quotes?
By
mr_sparkle
3m
10 Questions
122 Plays
122 Plays
122 Plays
Comments
Comments
Give Quiz Kudos
Give Quiz Kudos
-
- Ratings
hide this ad
Replay
Link that replays current quiz
Next Quiz
Link to next quiz in quiz playlist
You Got
0%
They Got
Avg Score
64%
Avg Friend Score
Upgrade to see
Score Distribution
Jump to the score distribution portion of the page
Score
0/10
Timer
03:00
0
Plays Today
The quote
Character
% Correct
'Waits for audience applause...not a sausinge'
Bluebottle
95.1%
'Needle nardle noo'
Ned Seagoon
90.2%
'Fine, fine, fine'
Eccles
87.7%
'Ooooooowwwwwww'
Moriarty
81.1%
'You can't get the wood, you know'
Henry Crun
77%
'It must have been hell in there'
Major Bloodnok
62.3%
'We'll all be murdered in our beds!'
Minnie Bannister
60.7%
'Have a gorilla'
Grytpype-Thynne
51.6%
'Jim'
Jim Spriggs
29.5%
'Right mate'
Miss Throat
10.7%
Quiz Playlist
Details
Report
Send in Message
Add To Playlist
Classic:
Type in answers that appear in a list
Quiz Source
Last Updated: Feb 16, 2017
Quiz Scoreboard
CHALLENGE
Sign Up to Join the Scoreboard
Show All
Scores
Hide
Comments
May contain spoilers
Recently Published
Find the 'City' Movie
by crazypaving
Movies
60s
5x2 Blitz: Bands
by SL_Kpop136
Music
30s
Colored Red Africa Blitz
by spor1
Geography
30s
More to Explore
Quiz From the Vault
Featured Blog Post
14 Easter Pick-up Lines to Find Eggs With
hide this ad
You Might Also Like...
Tags
Quote Quiz
Show Quiz
Character
goon
Today's Top Quizzes in Entertainment
Browse Entertainment
hide this ad
Today's Top Quizzes in Quote
Browse Quote
Top Contributed Quizzes in Entertainment
1
Dragon Ball Z: Goku's Fights in Order
2
Celebrity Spelling Bee
3
Fairy Tail 12-1
4
Marvel Characters Bunker
5
X-Men: 10 to 1
6
'Dear Evan Hansen' Start to Finish
7
Click the 'C' Cartoon Characters II
8
Homestuck Ship Identification (Part 1)
9
How well do you know BTS?
10
Obscure Knowledge - 7 Dirty Words
Explore More
Trending Topics
Disney
Marvel
Anime
Harry Potter
NBA
Crossword
Kpop
Puzzle
Song
NFL
WWE
The Office
Country
Pokémon
Soccer
hide this ad
More By:
mr_sparkle
Quiz
Plays
Rating
Category
Featured
Created
Hodor's Most Spoken Words in ASOIAF
289,589
4.42
Literature
Aug 1, 2014
Cold War Quiz
4,714
4.27
History
Nov 7, 2011
The Russian Revolution
3,181
4.93
History
Jan 18, 2019
Viking History
3,157
4.86
History
Sep 3, 2018
Ancient China
2,569
3.50
History
May 22, 2013
Go to Creator's Profile
Score Distribution
Quiz Creator Spotlight
mr_sparkle
Follow
Send a Message
Quizzes Created
-
Created Quiz Play Count
-
More By This Creator
Popular Quizzes Today
1
Find the 'City' Movie
2
5x2 Blitz: Bands
3
Colored Red Africa Blitz
4
Find the US States - No Outlines Minefield
5
The Countries of the World
6
Find the US States
7
9x9 Crossword: Cartoon Network
8
US States
More Entertainment Quizzes
Missing Letter Celebrities
Published
Trending Quizzes
Colored Red Africa Blitz II
Colored Red Europe Blitz I
Colored Red Africa Blitz III
Colored Red Europe Blitz II
Colored Red Europe Blitz III
Recently Updated
Champions League XIs: Real Madrid
pecheneg
Largest US Cities 1790-2010
pecheneg
Rides in Walt Disney World
pecheneg
Most Oscar Losses (Acting)
pecheneg
Beyoncé Albums
pecheneg
Leaping Animals
pecheneg
Reality TV Shows (A-Z)
bhenderson79
Rickey Henderson's Hall of Fame Teammates
pecheneg
Champions League XIs: Arsenal
pecheneg
Quick Pick: Celebrities in WWE's Hall of Fame
aduchscher
Trending Topics
NBA
Crossword
Disney
Marvel
Kpop
Harry Potter
Anime
The Office
WWE
Puzzle
Song
Pokémon
NFL
Soccer
Country
Your Account Isn't Verified!
In order to create a playlist on Sporcle, you need to verify the email address you used during registration. Go to your
Sporcle Settings
to finish the process.
Report this User
Report this user for behavior that violates our
Community Guidelines
.
Details:
Send Report
Go to the Sporcle.com Mobile Site →
Comments